Bán hàng thông minh qua điện thoại & Internet
Đã lưu trong:
| Príomhúdar: | |
|---|---|
| Formáid: | Sách |
| Teanga: | Undetermined |
| Foilsithe: |
Lao động - Xã hội
2013
|
| Ábhair: | |
| Clibeanna: |
Cuir Clib Leis
Gan Chlibeanna, Bí ar an gcéad duine leis an taifead seo a chlibeáil!
|
| Thư viện lưu trữ: | Trung tâm Thư viện - Trường Đại học Công nghiệp TP. Hồ Chí Minh |
|---|
| LEADER | 00548nam a2200157Ia 4500 | ||
|---|---|---|---|
| 001 | UIH_05031 | ||
| 008 | 231011s9999 xx 000 0 und d | ||
| 082 | |a 658.872 | ||
| 100 | |a Feigon, Josiane Chriqui | ||
| 245 | 0 | |a Bán hàng thông minh qua điện thoại & Internet | |
| 245 | 0 | |c Feigon, Josiane Chriqui | |
| 260 | |b Lao động - Xã hội | ||
| 260 | |c 2013 | ||
| 650 | |a Bán hàng qua điện thoại; | ||
| 927 | |a Sách | ||
| 980 | |a Trung tâm Thư viện - Trường Đại học Công nghiệp TP. Hồ Chí Minh | ||